| 000 | 00369 a2200109 4500 | ||
|---|---|---|---|
| 020 | _a9715616011 | ||
| 082 | _a307.72 HET | ||
| 100 | _aHettige, Hemamala | ||
| 245 |
_aWhen Rural Roads Benefit the Poor and How? : An In-depth Analysis Based on Case Studies / _cHemamala Hettige |
||
| 260 |
_aUSA : _bAsian Development Bank, _c2006 |
||
| 300 |
_a95p. : _bill. ; _c30 cm |
||
| 650 | _aTransport -- Rural Road | ||
| 999 |
_c2050 _d2050 |
||